000 00890nmm a2200301 a 4500
003 AR-BaBNM
005 20251128210946.0
008 011101s2000 ||||||||||||||000 | spa||
020 _a987-9452-23-2
040 _cAR-BaBNM
100 1 _aYuni, José A.
245 1 0 _aMapas y herramientas para conocer la escuela
_binvestigación etnográfica e investigación-acción
250 _a2ª ed.
260 _aCórdoba
_bBrujas
_c2000
300 0 _a282 p.
_bgráf., tablas
504 _aContiene referencias bibliográficas p. 265-273
650 4 _aETNOGRAFIA
650 4 _aOBSERVACION
650 4 _aENTREVISTAS
650 4 _aBIOGRAFIAS
650 4 _aMETODOS DE INVESTIGACION
653 0 _aMETODO CIENTIFICO
653 0 _aINVESTIGACION EDUCATIVA
653 0 _aINVESTIGACION ACCION
700 1 _aUrbano, Claudio A.
700 1 _aCiucci, María Rita
_ecolaborador
942 _cBK
999 _c17637
_d17637